| 000 | 01029cam a2200301 a 4500 | ||
|---|---|---|---|
| 001 | 27672 | ||
| 005 | 20230410115432.0 | ||
| 008 | 890809s1989 ctu b 001 0 eng | ||
| 035 | _9(DLC) 89039190 | ||
| 035 | _a3873270 | ||
| 942 |
_2lcc _cbk |
||
| 010 | _a 89039190 | ||
| 020 | _a0931816793 | ||
| 040 |
_aDLC _cDLC _dDLC |
||
| 043 | _acl----- | ||
| 050 | 1 | 4 |
_aHD 6054 _bW872 1989 |
| 082 | 0 | 0 |
_a331.4/81381 _220 |
| 245 | 0 | 0 |
_aWomen's ventures : _bassistance to the informal sector in Latin America / _ceditors, Marguerite Berger, Mayra Buvinić. |
| 260 |
_aWest Hartford, Conn., USA : _bKumarian Press, _cc1989. |
||
| 300 |
_axix, 266 p. ; _c23 cm. |
||
| 440 | 0 | _aKumarian Press library of management for development | |
| 504 | _aIncludes bibliographical references (p. 247-259). | ||
| 650 | 0 |
_aBusinesswomen _zLatin America. |
|
| 650 | 0 |
_aWomen-owned business enterprises _zLatin America. |
|
| 650 | 0 |
_aInformal sector (Economics) _zLatin America. |
|
| 700 | 1 | _aBerger, Marguerite. | |
| 700 | 1 | _aBuvinić, Mayra. | |
| 999 |
_c41137 _d41137 |
||